Derechos de los trabajadores en Venezuela ante el Tratado de Libre Comercio de las Américas (ALCA). The Rights of Venezuelan workers in the FTAA Free Commerce Agreement in the Americas (ALCA) /

Furkejuvvon:
Bibliográfalaš dieđut
Váldodahkki: Marín Boscán, Francisco Javier
Materiálatiipa: Texto
Fáttát:
Fáddágilkorat: Lasit fáddágilkoriid
Eai fáddágilkorat, Lasit vuosttaš fáddágilkora!

MARC

LEADER 00000 a a2200000 04500
001 8245
003
040
100 |a Marín Boscán, Francisco Javier  
245 |a Derechos de los trabajadores en Venezuela ante el Tratado de Libre Comercio de las Américas (ALCA). The Rights of Venezuelan workers in the FTAA Free Commerce Agreement in the Americas (ALCA) /  |c Francisco Javier Marín Boscán  
500 |a Resumen también en inglés  
650 |a TRABAJADORES  
650 |a ALCA  
773 |g volumen 10, número 2; páginas 201-226  
999 |c 21016  |d 21016